Trabalho escravo Caracterizaȯ̂ jurd̕ica /

Bibliographic Details
Main Author: Monteiro de Brito Filho, Jos ̌Claudio
Format: eBook
Language:Portuguese
Published: San Pablo: LTR, 2020
Subjects:
Online Access:Acceso restringido

MARC

LEADER 00000nam a22000007a 4500
005 20220411211726.0
007 cr|||| ||||
008 220411s2020 br |||||s|||| 00||0 por d
020 |a 978-85-301-0203-6 
035 |a 36068 
040 |a vLex 
090 |c 13150  |d 13150 
100 1 |a Monteiro de Brito Filho, Jos ̌Claudio 
245 1 0 |a Trabalho escravo  |h [Recurso electrn̤ico] :  |b Caracterizaȯ̂ jurd̕ica /  |c Jos ̌Claudio Monteiro de Brito Filho 
256 |a Servicio en ln̕ea 
260 |a San Pablo:  |b LTR,  |c 2020 
300 |a 1 recurso electrn̤ico 
500 |a Este livro, em 3® ediȯ̂, atualizada, discute o trabalho em condiė̳s anl̀ogas ̉de escravo, tambm̌ conhecido como trabalho escravo. Seu objetivo principal ̌a caracterizaȯ̂ jurd̕ica deste fato, tipificado como crime pelo artigo 149 do Cd̤igo Penal Brasileiro. Esse objetivo faz com que ele seja um texto jurd̕ico, embora com a utilizaȯ̂ de conhecimentos da Filosofia, da Sociologia, da Antropologia e da Histr̤ia. Est ̀dividido em quatro capt̕ulos. O primeiro, denominado Consideraė̳s iniciais, traz as primeiras observaė̳s a respeito desse fenm̥eno, discutindo, de forma breve, a atuaȯ̂ dos r̤gôs e instituiė̳s encarregadas do combate ao trabalho escravo, e, ao final, suas consequn̊cias no plano administrativo. O segundo, com o tt̕ulo Noė̳s gerais, primeiro se ocupa da denominaȯ̂ que ̌dada ao fato social sob anl̀ise, para, depois, discuti-lo na perspectiva do trabalho decente, que concentra os Direitos Humanos dos trabalhadores, e na perspectiva dos instrumentos internacionais pertinentes ̉questô. O terceiro capt̕ulo, Caracterizaȯ̂ do trabalho escravo no Brasil comeȧ com a caracterizaȯ̂ geral do artigo 149 do Cd̤igo Penal, em perspectiva especf̕ica do Direito Penal. Em seguida, apresenta as premissas que entende devam ser observadas para a correta identificaȯ̂ do trabalho escravo no Brasil, com destaque para os bens jurd̕icos tutelados. Finalmente, o quarto capt̕ulo, chamado de Modos de execuȯ̂ e aumento da pena, concentra-se dos modos de execuȯ̂ previstos para o crime de reduzir algum̌ ̉condiȯ̂ anl̀oga ̉de escravo, passa para as hipt̤eses de aumento da pena, e encerra com consideraė̳s finais a respeito do estudo realizado. 
506 1 |a Disponible solo en los productos indicados  |d vLex Global  |d vLex Global (Academic Edition, excluding Law Schools)  |d vLex Global (U.S. Academic Edition, Law Schools)  |d vLex Global (U.S. Academic Edition, excluding Law Schools)  |d vLex Global (Academic Edition, Law Schools) 
650 0 4 |a Derecho Laboral y Seguridad Social  |z Brasil 
740 0 |a vLex Libros (Servicio en ln̕ea) 
856 4 0 |u https://app.vlex.com/#/sources/36068  |z Acceso restringido 
942 |c BOOK 
999 0 |a Labor law and social security